| 000 | 00544cam a22002057a 4500 | ||
|---|---|---|---|
| 003 | OSt | ||
| 005 | 20191125153011.0 | ||
| 008 | 850716s1984 ck 000 0 spa | ||
| 010 | _a 85597565 | ||
| 040 | _cBMC | ||
| 082 | _a808.06885 | ||
| 100 | 1 |
_aNiño de Guzmán, Guillermo _932701 |
|
| 245 | 1 | 0 |
_aCaballos de medianoche _cGuillermo Niño de Guzmán |
| 250 | _a1ª ed | ||
| 260 |
_aBogotá _bSeix Barral _ccop. 1984 |
||
| 300 |
_a104 p. _c20 cm |
||
| 490 | 0 | _aAutores peruanos | |
| 650 | 2 | 4 |
_932182 _aCuentos peruanos |
| 942 |
_2ddc _cBK |
||
| 999 |
_c19572 _d19572 |
||